[Event "Wch U16"]
[Site "Mamaia"]
[Date "2022.09.10"]
[Round "5"]
[White "Vo, Pham Thien Phuc"]
[Black "Filip, Andrei"]
[Result "1-0"]
[WhiteElo "2037"]
[BlackElo "2356"]
[PlyCount "65"]
[EventDate "2022.09.06"]
[EventType "swiss"]
[EventRounds "11"]
[EventCountry "ROU"]
[SourceTitle "CBM 210 Extra"]
[Source "ChessBase"]
[SourceDate "2022.11.30"]
[SourceVersion "1"]
[SourceVersionDate "2022.11.30"]
[SourceQuality "1"]

1. d4 Nf6 2. c4 e6 3. g3 c5 4. d5 exd5 5. cxd5 d6 6. Nc3 g6 7. Bg2 Bg7 8. Nf3 0-0 9. 0-0 Re8 10. Bf4 Bf5 11. Nh4 Bg4 12. Qd2 b5 13. Nxb5 Rxe2 14. Qc1 Ne4 15. Bxe4 Rxe4 16. Nxd6 Re2 17. Nc4 Nd7 18. Bh6 Bf6 19. Qf4 Bh3 20. Rfe1 Qe7 21. Nf3 Re8 22. Ne3 Bxb2 23. Rxe2 Bxa1 24. Ng5 Bf5 25. g4 Bd3 26. d6 Qf6 27. Nd5 Bxe2 28. Nxf6+ Bxf6 29. Qa4 Rd8 30. Qe4 Bb5 31. Nxf7 Rc8 32. Qe6 c4 33. Nd8+ 1-0

[Event "Wch U16"]
[Site "Mamaia"]
[Date "2022.09.08"]
[Round "3"]
[White "Droin, Augustin"]
[Black "Vo, Pham Thien Phuc"]
[Result "1/2-1/2"]
[WhiteElo "2408"]
[BlackElo "2037"]
[PlyCount "120"]
[EventDate "2022.09.06"]
[EventType "swiss"]
[EventRounds "11"]
[EventCountry "ROU"]
[SourceTitle "CBM 210 Extra"]
[Source "ChessBase"]
[SourceDate "2022.11.30"]
[SourceVersion "1"]
[SourceVersionDate "2022.11.30"]
[SourceQuality "1"]

1. e4 c5 2. Nc3 Nc6 3. Nf3 d6 4. d4 cxd4 5. Nxd4 Nf6 6. f3 g6 7. Be3 Bg7 8. Qd2 0-0 9. g4 Be6 10. Nxe6 fxe6 11. 0-0-0 Ne5 12. Be2 Qc8 13. h4 Nfd7 14. f4 Nc4 15. Bxc4 Qxc4 16. e5 Rfd8 17. Qd3 Qc6 18. h5 Nf8 19. hxg6 hxg6 20. Qb5 Qxb5 21. Nxb5 dxe5 22. fxe5 a6 23. Nd4 Bxe5 24. Nb3 Rd6 25. Nc5 Rc8 26. c3 Rc7 27. Rhf1 Bg7 28. Kc2 Rdc6 29. Nb3 Nd7 30. Nc5 Nf8 31. Nb3 Rd6 32. Nc5 Rd5 33. b4 b6 34. Na4 Nd7 35. Rfe1 Kf7 36. Kb3 b5 37. Nc5 Nxc5+ 38. bxc5 Rcd7 39. Rxd5 Rxd5 40. Kc2 Ke8 41. a4 Re5 42. axb5 axb5 43. Kd2 Rd5+ 44. Kc2 Re5 45. Kd2 Re4 46. Rb1 Bxc3+ 47. Kxc3 Rxe3+ 48. Kb4 Kd7 49. Kxb5 Kc7 50. Ra1 Rb3+ 51. Kc4 Rg3 52. Kb5 Rb3+ 53. Kc4 Rg3 54. Ra6 Rxg4+ 55. Kb5 Re4 56. Ra7+ Kd8 57. Ra8+ Kc7 58. Ra7+ Kd8 59. Ra8+ Kc7 60. Ra7+ Kd8 1/2-1/2

[Event "VIE-ch U17"]
[Site "Ho Chi Minh City"]
[Date "2022.07.14"]
[Round "6"]
[White "Vo, Pham Thien Phuc"]
[Black "Nguyen, Quoc Hy"]
[Result "1-0"]
[WhiteElo "2277"]
[BlackElo "2278"]
[PlyCount "67"]
[EventDate "2022.07.11"]
[EventType "swiss"]
[EventRounds "9"]
[EventCountry "VIE"]
[SourceTitle "EXT 2023"]
[Source "ChessBase"]
[SourceDate "2022.10.05"]
[SourceVersion "1"]
[SourceVersionDate "2022.10.05"]
[SourceQuality "1"]

1. d4 d5 2. c4 c6 3. Nf3 Nf6 4. g3 Bf5 5. Nc3 e6 6. Nh4 dxc4 7. Nxf5 exf5 8. e3 b5 9. Bg2 Bb4 10. a4 Ne4 11. Bxe4 fxe4 12. axb5 cxb5 13. Qg4 0-0 14. Qxe4 Nd7 15. Qc6 a6 16. Rxa6 Rxa6 17. Qxa6 Bxc3+ 18. bxc3 Qa8 19. Qxa8 Rxa8 20. e4 Ra2 21. 0-0 Rc2 22. Bf4 Rxc3 23. Ra1 g5 24. Bxg5 b4 25. Bd2 Rb3 26. Ra7 Nf6 27. Bh6 Ne8 28. Ra8 f5 29. Rxe8+ Kf7 30. Rc8 c3 31. exf5 Kf6 32. g4 Rb2 33. Rc7 Rd2 34. h4 1-0

[Event "VIE-ch U17"]
[Site "Hanoi"]
[Date "2022.06.11"]
[Round "1"]
[White "Vo, Pham Thien Phuc"]
[Black "Le, Quang Khai"]
[Result "1-0"]
[WhiteElo "2284"]
[BlackElo "2295"]
[PlyCount "73"]
[EventDate "2022.06.11"]
[EventType "swiss"]
[EventRounds "7"]
[EventCountry "VIE"]
[SourceTitle "EXT 2023"]
[Source "ChessBase"]
[SourceDate "2022.10.05"]
[SourceVersion "1"]
[SourceVersionDate "2022.10.05"]
[SourceQuality "1"]

1. d4 f5 2. Nf3 Nf6 3. g3 g6 4. Bg2 Bg7 5. 0-0 d6 6. b3 0-0 7. Bb2 c6 8. Nbd2 Na6 9. Re1 d5 10. Ne5 Qe8 11. c4 Nc7 12. Rc1 Be6 13. Qc2 Ne4 14. cxd5 Bxd5 15. Nxe4 fxe4 16. Bxe4 Bxe5 17. dxe5 e6 18. Bd3 c5 19. Qxc5 Bc6 20. Rc4 Nd5 21. Rg4 b6 22. Qc1 Rc8 23. Qh6 Qf7 24. Rf1 Ne7 25. Ba3 Nf5 26. Qg5 Rfd8 27. Rf4 Qg7 28. g4 Nd4 29. Bd6 Nb5 30. Be7 Rd7 31. Bf6 Qf7 32. Rc1 Rcc7 33. h4 Rd4 34. h5 Rxf4 35. hxg6 hxg6 36. Bxg6 Qd7 37. Bf7+ 1-0

[Event "Kaspersky op U16"]
[Site "Tornelo INT"]
[Date "2021.04.02"]
[Round "5"]
[White "Prokofiev, Valentyn"]
[Black "Vo, Pham Thien Phuc"]
[Result "1-0"]
[WhiteElo "2104"]
[BlackElo "2037"]
[PlyCount "61"]
[EventDate "2021.04.02"]
[EventType "swiss (blitz)"]
[EventRounds "11"]
[EventCountry "RUS"]
[SourceTitle "CBM 201 Extra"]
[Source "ChessBase"]
[SourceDate "2021.05.31"]
[SourceVersion "1"]
[SourceVersionDate "2021.05.31"]
[SourceQuality "1"]

1. d4 Nf6 2. g3 g6 3. Bg2 Bg7 4. Nf3 0-0 5. 0-0 d6 6. c4 Nc6 7. Nc3 e5 8. e4 Bg4 9. d5 Nd4 10. Be3 Nxf3+ 11. Bxf3 Bxf3 12. Qxf3 Nd7 13. Qg2 f5 14. exf5 gxf5 15. f4 e4 16. h3 Kh8 17. Kh2 Rg8 18. Rg1 Bf6 19. Qe2 Qe8 20. Rg2 Qg6 21. Rag1 Qh6 22. Nd1 Rg4 23. Nf2 Rag8 24. Kh1 R4g6 25. g4 fxg4 26. f5 Bg5 27. fxg6 Bxe3 28. Nxg4 Qxh3+ 29. Rh2 Qxh2+ 30. Qxh2 Rg7 31. Nxe3 1-0

[Event "Kaspersky op U16"]
[Site "Tornelo INT"]
[Date "2021.04.02"]
[Round "1"]
[White "Tsetskhladze, Shota"]
[Black "Vo, Pham Thien Phuc"]
[Result "0-1"]
[WhiteElo "1076"]
[BlackElo "2037"]
[PlyCount "74"]
[EventDate "2021.04.02"]
[EventType "swiss (blitz)"]
[EventRounds "11"]
[EventCountry "RUS"]
[SourceTitle "CBM 201 Extra"]
[Source "ChessBase"]
[SourceDate "2021.05.31"]
[SourceVersion "1"]
[SourceVersionDate "2021.05.31"]
[SourceQuality "1"]

1. c4 Nf6 2. Nc3 g6 3. Nf3 d6 4. g3 Bg7 5. Bg2 0-0 6. 0-0 e5 7. d3 Nc6 8. Bg5 h6 9. Bxf6 Bxf6 10. Nd5 Bg7 11. a3 Ne7 12. Rc1 c6 13. Nc3 Be6 14. b4 f5 15. Na4 Qd7 16. c5 d5 17. Nc3 Rae8 18. Rb1 g5 19. b5 e4 20. bxc6 bxc6 21. dxe4 Bxc3 22. exd5 Bxd5 23. Qc2 Bg7 24. Rfd1 Qc7 25. Nd4 Bxd4 26. Rxd4 Bxg2 27. Kxg2 Nd5 28. e3 Qc8 29. Qc4 Rf7 30. h4 f4 31. exf4 gxf4 32. Rxf4 Nxf4+ 33. gxf4 Qg4+ 34. Kf1 Qh3+ 35. Kg1 Kf8 36. Qf1 Rg7+ 37. Qg2 Qxg2# 0-1

[Event "Kaspersky op U16"]
[Site "Tornelo INT"]
[Date "2021.04.02"]
[Round "10"]
[White "Vo, Pham Thien Phuc"]
[Black "Danchanka, Zlata"]
[Result "1-0"]
[WhiteElo "2037"]
[BlackElo "1687"]
[PlyCount "45"]
[EventDate "2021.04.02"]
[EventType "swiss (blitz)"]
[EventRounds "11"]
[EventCountry "RUS"]
[SourceTitle "CBM 201 Extra"]
[Source "ChessBase"]
[SourceDate "2021.05.31"]
[SourceVersion "1"]
[SourceVersionDate "2021.05.31"]
[SourceQuality "1"]

1. d4 Nf6 2. c4 g6 3. Nf3 Bg7 4. g3 0-0 5. Bg2 d6 6. 0-0 Nbd7 7. Nc3 c6 8. e4 e5 9. h3 Qe7 10. Re1 Ne8 11. Be3 f5 12. Bg5 Nef6 13. exf5 gxf5 14. Nh4 Nb6 15. c5 dxc5 16. dxe5 Qf7 17. exf6 Bh8 18. Re7 Qc4 19. Qh5 Rf7 20. Re8+ Rf8 21. Rxf8+ Kxf8 22. Bh6+ Kg8 23. Qe8# 1-0

[Event "Wch FIDE Online U14 Asia qual"]
[Site "Tornelo INT"]
[Date "2020.12.12"]
[Round "5"]
[White "Pranav, V."]
[Black "Vo, Pham Thien Phuc"]
[Result "1-0"]
[WhiteElo "2348"]
[BlackElo "2037"]
[PlyCount "113"]
[EventDate "2020.12.11"]
[EventType "swiss (rapid)"]
[EventRounds "7"]
[EventCountry "ISS"]
[SourceTitle "EXT 2022"]
[Source "ChessBase"]
[SourceDate "2021.10.06"]
[SourceVersion "1"]
[SourceVersionDate "2021.10.06"]
[SourceQuality "1"]

1. e4 c5 2. Nf3 d6 3. Bb5+ Bd7 4. Bxd7+ Qxd7 5. 0-0 Nc6 6. c3 Nf6 7. d4 e6 8. d5 Ne5 9. dxe6 Nxf3+ 10. Qxf3 Qxe6 11. e5 dxe5 12. Qxb7 Qd5 13. Qxd5 Nxd5 14. Re1 f6 15. f4 0-0-0 16. fxe5 Re8 17. Nd2 fxe5 18. Nc4 e4 19. Be3 Re6 20. Rad1 Nb6 21. Nd2 Nd5 22. Nxe4 Nxe3 23. Rxe3 g6 24. Ree1 Kc7 25. Nd2 Rd6 26. Nc4 Rxd1 27. Rxd1 Bg7 28. Rf1 Rf8 29. Rxf8 Bxf8 30. Kf2 Kc6 31. Ke3 Kd5 32. Kd3 Bh6 33. Ne3+ Kd6 34. Ke4 Bg5 35. Nc4+ Ke6 36. Ne5 a6 37. a4 Bf6 38. Nc4 Bg7 39. Kd3 Kd5 40. Ne3+ Ke5 41. Kc4 Kd6 42. Nd5 Be5 43. h3 Bg3 44. Nf6 Bf4 45. Ne4+ Ke5 46. Nxc5 Be3 47. Nxa6 Kf4 48. Nc5 Kg3 49. a5 Bf4 50. Kb5 Kxg2 51. Kb6 Kxh3 52. a6 Bb8 53. Kb7 g5 54. Kxb8 g4 55. a7 g3 56. a8Q g2 57. Qf3+ 1-0

[Event "Wch FIDE Online U14 Asia qual"]
[Site "Tornelo INT"]
[Date "2020.12.12"]
[Round "4"]
[White "Vo, Pham Thien Phuc"]
[Black "Nguyen, Quoc Hy"]
[Result "1/2-1/2"]
[WhiteElo "2037"]
[BlackElo "2242"]
[PlyCount "64"]
[EventDate "2020.12.11"]
[EventType "swiss (rapid)"]
[EventRounds "7"]
[EventCountry "ISS"]
[SourceTitle "EXT 2022"]
[Source "ChessBase"]
[SourceDate "2021.10.06"]
[SourceVersion "1"]
[SourceVersionDate "2021.10.06"]
[SourceQuality "1"]

1. d4 d5 2. c4 c6 3. Nf3 Nf6 4. g3 Bg4 5. Bg2 e6 6. Qb3 Qb6 7. c5 Qxb3 8. axb3 Nbd7 9. b4 Bxf3 10. Bxf3 e5 11. e3 a6 12. Bd2 g6 13. Bc3 exd4 14. Bxd4 Bg7 15. Nc3 0-0 16. 0-0 Rfe8 17. Rfd1 Nf8 18. Ne2 N6d7 19. Nf4 Bxd4 20. exd4 Ne6 21. Ne2 Nc7 22. Nc3 Nf8 23. Kf1 Nfe6 24. h4 Nb5 25. Nxb5 axb5 26. Ra3 Ra6 27. Rdd3 f5 28. Bd1 Kf7 29. Be2 Rea8 30. Bd1 Re8 31. Be2 Rea8 32. Bd1 Re8 1/2-1/2

[Event "VIE-ch op"]
[Site "Hanoi"]
[Date "2020.11.23"]
[Round "1"]
[White "Nguyen, Van Huy"]
[Black "Vo, Pham Thien Phuc"]
[Result "1-0"]
[WhiteElo "2347"]
[BlackElo "2330"]
[PlyCount "131"]
[EventDate "2020.11.23"]
[EventType "swiss"]
[EventRounds "9"]
[EventCountry "VIE"]
[SourceTitle "CBM 199 Extra"]
[Source "ChessBase"]
[SourceDate "2021.01.31"]
[SourceVersion "1"]
[SourceVersionDate "2021.01.31"]
[SourceQuality "1"]

1. d4 Nf6 2. c4 g6 3. Nc3 Bg7 4. Nf3 0-0 5. Bf4 d6 6. h3 Nbd7 7. e3 b6 8. Be2 Bb7 9. 0-0 Re8 10. Qc2 e5 11. Bh2 exd4 12. Nxd4 Ne4 13. Nd5 Ndf6 14. Nxf6+ Bxf6 15. Bf3 h5 16. Rad1 Qc8 17. Ne2 Bg7 18. Nf4 Nf6 19. Bxb7 Qxb7 20. Nd5 Rac8 21. Bf4 Nxd5 22. Rxd5 a5 23. Rfd1 Qc6 24. b3 Re6 25. e4 Rce8 26. f3 Qb7 27. Kh1 Qc8 28. a3 Be5 29. Bxe5 Rxe5 30. b4 axb4 31. axb4 Qa8 32. Qc3 Qc6 33. Kh2 Rxd5 34. Rxd5 Re5 35. Rd1 Re8 36. Rd3 Rb8 37. Rd5 Ra8 38. f4 b5 39. c5 dxc5 40. bxc5 Rb8 41. f5 b4 42. Qb3 Kf8 43. Qb2 Kg8 44. fxg6 fxg6 45. Qb3 Kh8 46. Qb2+ Kg8 47. Qb3 Kh8 48. e5 Re8 49. Qc4 Qe6 50. c6 b3 51. Qxb3 Qxc6 52. Qd3 Qe6 53. Kh1 Rf8 54. Rd8 Re8 55. Rd5 Rf8 56. Rc5 Re8 57. Qe3 Re7 58. Qh6+ Kg8 59. Ra5 Re8 60. Ra3 Rb8 61. Rg3 Rb1+ 62. Kh2 Kf7 63. Rf3+ Ke8 64. Qf8+ Kd7 65. Rf7+ Kc6 66. Rf6 1-0

[Event "VIE-ch"]
[Site "Hanoi"]
[Date "2020.10.11"]
[Round "9"]
[White "Vo, Pham Thien Phuc"]
[Black "Dinh, Nho Kiet"]
[Result "1-0"]
[WhiteElo "2080"]
[BlackElo "1697"]
[PlyCount "73"]
[EventDate "2020.10.05"]
[EventType "swiss"]
[EventRounds "9"]
[EventCountry "VIE"]
[SourceTitle "EXT 2022"]
[Source "ChessBase"]
[SourceDate "2021.10.06"]
[SourceVersion "1"]
[SourceVersionDate "2021.10.06"]
[SourceQuality "1"]

1. d4 Nf6 2. c4 e6 3. g3 b6 4. Bg2 d5 5. cxd5 exd5 6. Nc3 Bb7 7. Nf3 Be7 8. 0-0 0-0 9. Bf4 c6 10. Rc1 Nbd7 11. Ne5 Nxe5 12. Bxe5 Bd6 13. Bxf6 Qxf6 14. e3 Rfd8 15. Qd2 Rac8 16. a3 Qe6 17. Rfd1 Bf8 18. Rc2 g6 19. b4 h5 20. h4 Be7 21. Bf3 Qf5 22. Kg2 c5 23. bxc5 bxc5 24. Rb2 Ba8 25. Rb5 cxd4 26. exd4 Rc4 27. Qd3 Qxd3 28. Rxd3 Bxa3 29. Nxd5 Bxd5 30. Bxd5 Ra4 31. Rf3 Rf8 32. Rb7 Bd6 33. Rf6 Ba3 34. Bxf7+ Kg7 35. Rxg6+ Kh8 36. Bg8 Bc1 37. Rh7# 1-0

[Event "VIE-ch"]
[Site "Hanoi"]
[Date "2020.10.07"]
[Round "4"]
[White "Nguyen, Duc Hoa"]
[Black "Vo, Pham Thien Phuc"]
[Result "1-0"]
[WhiteElo "2406"]
[BlackElo "2080"]
[PlyCount "85"]
[EventDate "2020.10.05"]
[EventType "swiss"]
[EventRounds "9"]
[EventCountry "VIE"]
[SourceTitle "EXT 2022"]
[Source "ChessBase"]
[SourceDate "2021.10.06"]
[SourceVersion "1"]
[SourceVersionDate "2021.10.06"]
[SourceQuality "1"]

1. e4 c5 2. Nf3 d6 3. d4 cxd4 4. Nxd4 Nf6 5. Nc3 g6 6. Be3 Bg7 7. f3 0-0 8. Qd2 Nc6 9. 0-0-0 Nxd4 10. Bxd4 Be6 11. Kb1 Qc7 12. g4 Rfc8 13. h4 Qa5 14. a3 Rab8 15. h5 b5 16. h6 Bh8 17. g5 b4 18. Nb5 Ne8 19. Bxh8 Kxh8 20. Qxb4 Qxb4 21. axb4 Bc4 22. Nxa7 Rc7 23. Bxc4 Rxc4 24. b5 Rc7 25. Nc6 Rxb5 26. Rd5 Rb6 27. Nd4 Kg8 28. Ra5 f6 29. Ra8 Kf7 30. f4 Rc4 31. Rd1 Rbb4 32. c3 Rxc3 33. e5 f5 34. e6+ Kf8 35. Nxf5 Rcb3 36. Rd2 Rb8 37. Rxb8 Rxb8 38. Nd4 Nc7 39. Rc2 Nd5 40. f5 gxf5 41. Nxf5 Nf4 42. Rf2 Nd3 43. Rg2 1-0

[Event "Wch U14"]
[Site "Mumbai"]
[Date "2019.10.12"]
[Round "11"]
[White "Vo, Pham Thien Phuc"]
[Black "Srihari, LR."]
[Result "1/2-1/2"]
[WhiteElo "1807"]
[BlackElo "2283"]
[PlyCount "103"]
[EventDate "2019.10.02"]
[EventType "swiss"]
[EventRounds "11"]
[EventCountry "IND"]
[SourceTitle "EXT 2020"]
[Source "ChessBase"]
[SourceDate "2019.10.17"]
[SourceVersion "1"]
[SourceVersionDate "2019.10.17"]
[SourceQuality "1"]

1. d4 f5 2. Nf3 Nf6 3. g3 g6 4. Bg2 Bg7 5. 0-0 0-0 6. b3 c5 7. c3 cxd4 8. cxd4 Nc6 9. Bb2 Ne4 10. Nbd2 d6 11. Rc1 Bd7 12. e3 Rc8 13. Qe2 a6 14. Nxe4 fxe4 15. Nd2 d5 16. Ba3 Na7 17. Rxc8 Nxc8 18. Rc1 Na7 19. Nb1 Nb5 20. Bb2 Nd6 21. Nc3 Bc6 22. Qd2 Nf7 23. Ne2 Ng5 24. Nf4 Qd7 25. Qd1 Nf3+ 26. Bxf3 exf3 27. a4 g5 28. Nd3 Qh3 29. Qf1 Qh5 30. h3 Bd7 31. Kh2 Be6 32. Ne5 Bxe5 33. dxe5 Rc8 34. Rxc8+ Bxc8 35. e4 Be6 36. exd5 Bxd5 37. g4 Qh4 38. Bd4 h5 39. Qd3 hxg4 40. Qg6+ Kf8 41. Qf5+ Bf7 42. Qxg4 Qxg4 43. hxg4 Bxb3 44. a5 Kf7 45. Be3 Kg6 46. Bc5 Kf7 47. Be3 Kg6 48. Bc5 e6 49. Bb6 Bd5 50. Kg3 Kf7 51. Kh3 Be4 52. Kg3 1/2-1/2